Introducción a la electrocatálisis

Salvato in:
Dettagli Bibliografici
Autori principali: Arvía, Alejandro Jorge (Autore), Giordano, María Cristina (Autore)
Natura: Libro
Lingua:spagnolo
Pubblicazione: Washington, D.C Organización de los Estados Americanos, Secretaría General Departamento de Asuntos Científicos, Programa Regional de Desarrollo Científico y Tecnológico 1983
Serie:Serie de química: Monografía, 27
Soggetti:
Tags: Aggiungi Tag
Nessun Tag, puoi essere il primo ad aggiungerne!!

MARC

LEADER 00000nam a2200000 a 4500
001 UCW2642
003 CL-VaPUC
008 900831e19830000US |||||||||||||||||spa|d
082 0 4 |a 541.395  |b ARV  |2 21 
100 0 |a Arvía, Alejandro Jorge  |e author  |9 306906 
700 0 |a Giordano, María Cristina  |e author  |9 306907 
245 1 0 |a Introducción a la electrocatálisis 
300 |a 140 p 
942 |c BK 
945 |d 19900831 00:00:00 
260 |a Washington, D.C  |b Organización de los Estados Americanos, Secretaría General Departamento de Asuntos Científicos, Programa Regional de Desarrollo Científico y Tecnológico  |c 1983 
650 0 |a Catálisis  |9 259915 
650 0 |a Electroquímica  |9 263973 
583 |a last modification  |c 20171031 10:59:45  |k Rodrigo Vera 
490 0 |a Serie de química: Monografía, 27 
999 |c 217148  |d 217146 
952 |0 0  |1 0  |4 0  |6 541_395000000000000_ARV_1983  |7 0  |8 A  |9 203843  |a BIBCUR  |b BIBCUR  |d 2019-11-15  |i 1782614  |o 541.395 ARV 1983  |p 1782614  |r 2025-04-22  |w 2019-11-15  |y BK  |k QUI